[Event "Tourn. n9034"]
[Site "www.chess-mail.com"]
[Date "2017.01.13"]
[Round "1"]
[White "Norlavuaram"]
[Black "Fabos12"]
[WhiteElo "2200"]
[BlackElo "2110"]
[Result "1/2-1/2"]
[Round "1"]
1.e4 e5
2.Ng1f3 Nb8c6
3.Bf1b5 Bf8c5
4.c3 d6
5.O-O a6
6.Bb5a4 b5
7.Ba4b3 Ng8e7
8.d4 exd4
9.cxd4 Bc5a7
10.Nf3g5 O-O
11.Qd1h5 h6
12.Ng5xf7 Rf8xf7
13.Qh5xf7 Kh7
14.Bc1e3 Nc6xd4
15.Be3xd4 Ba7xd4
16.Nb1c3 Bd4f6
17.Nc3d5 Ne7xd5
18.Qf7xd5 Bc8d7
19.Bb3c2 Bf6e5
20.Ra1d1 c6
21.Qd5d3 Bd7g4
22.Rd1e1 Bg4e6
23.b3 c5
24.Kh1 g5
25.g3 c4
26.Qd3d1 Qd8e7
27.f4 Be5c3
28.e5 Kg8
29.exd6 Qe7b7
30.Bc2e4 Qb7c8
31.Be4xa8 Qc8xa8
32.Kg1 Bc3xe1
33.Rf1xe1 Be6h3
34.Qd1e2 gxf4
35.Qe2e8 Qa8xe8
36.Re1xe8 Kf7
37.Re8a8 c3
38.Ra8a7 Ke8
39.Ra7c7 fxg3
40.Rc7xc3 gxh2
41.Kxh2 Bh3d7
42.Rc3c5 Kf7
43.Rc5h5 Kg6
44.Rh5c5 Kf6
45.Kg3 Ke6
46.Rc5h5 Kxd6
47.Rh5xh6 Bd7e6
48.Kf4 Kd5
49.Rh6f6 Be6c8
50.Ke3 a5
51.Rf6b6 Kc5
52.Rb6h6 Kb4
53.Rh6h2 a4
54.Rh2c2 Bc8f5
55.Rc2f2 Bf5e6
56.bxa4 bxa4
57.Rf2f4 Ka3
58.Rf4xa4 Kxa4
59.a3 Kxa3
60.Kd4 { draw }
1/2-1/2

[Event "Tourn. n9125"]
[Site "www.chess-mail.com"]
[Date "2017.01.13"]
[Round "1"]
[White "Francesco"]
[Black "Luban"]
[WhiteElo "1940"]
[BlackElo "2060"]
[Result "1-0"]
[Round "1"]
1.d4 d5
2.Ng1f3 e6
3.Bc1g5 Bf8e7
4.Bg5xe7 Qd8xe7
5.e3 c5
6.Bf1b5 Bc8d7
7.Bb5xd7 Nb8xd7
8.O-O Ng8f6
9.Nb1d2 O-O
10.c4 dxc4
11.Nd2xc4 b5
12.Nc4e5 Nd7xe5
13.Nf3xe5 Ra8c8
14.dxc5 Rc8xc5
15.Ne5f3 Rf8d8
16.Qd1e2 Qe7c7
17.Nf3d4 a6
18.b4 Rc5c4
19.a3 e5
20.Nd4f3 Nf6e4
21.Rf1d1 Rd8xd1
22.Ra1xd1 Rc4c1
23.Nf3xe5 Rc1xd1
24.Qe2xd1 Ne4c3
25.Qd1d7 Qc7xd7
26.Ne5xd7 Nc3b1
27.Nd7b8 Nb1xa3
28.Nb8xa6 Na3c2
29.Na6c7 Nc2xb4
30.Nc7xb5 Kf8
31.Kf1 Ke7
32.Ke2 Kd7
33.Kf3 Kc6
34.Nb5d4 Kc5
35.h4 g6
36.Ke4 { resign }
1-0

[Event "Tourn. n9105"]
[Site "www.chess-mail.com"]
[Date "2017.01.13"]
[Round "1"]
[White "Attatroll"]
[Black "Falcoale"]
[WhiteElo "1960"]
[BlackElo "1940"]
[Result "0-1"]
[Round "1"]
1.d4 Ng8f6
2.c4 b6
3.Nb1c3 Bc8b7
4.f3 e6
5.e4 d5
6.e5 Nf6d7
7.Bf1d3 Bf8b4
8.Ng1e2 c5
9.a3 Bb4xc3
10.bxc3 O-O
11.O-O Nb8c6
12.Bc1b2 cxd4
13.cxd4 Bb7a6
14.cxd5 exd5
15.Bd3xa6 Ra8b8
16.Ra1c1 Nc6e7
17.Ne2f4 Ne7g6
18.Nf4xd5 Qd8g5
19.f4 Qg5h6
20.Rc1c7 Rb8d8
21.Qd1f3 Nd7b8
22.Rc7xa7 Nb8xa6
23.Ra7xa6 b5
24.Nd5e7 Kh8
25.f5 Qh6d2
26.Bb2c3 Qd2g5
27.fxg6 hxg6
28.Ne7xg6 fxg6
29.Qf3xf8 Rd8xf8
30.Rf1xf8 Kh7
31.Kf2 Qg5c1
32.Bc3e1 Qc1c2
33.Kf1 b4
34.Ra6a8 Kh6
35.axb4 Qc2d3
36.Kg1 Qd3xd4
37.Kf1 Qd4d3
38.Kg1 Qd3e3
39.Kf1 Qe3d3
40.Kf2 Qd3c2
41.Kg3 Qc2d3
42.Kg4 Qd3e2
43.Kf4 Qe2f1
44.Kg4 Qf1xg2
45.Be1g3 Qg2e2
46.Kh4 Qe2h5

0-1

[Event "Match"]
[Site "www.echecsemail.com"]
[Date "2017.01.13"]
[Round "1"]
[White "Billyg"]
[Black "Yoj"]
[WhiteElo "1680"]
[BlackElo "1809"]
[Result "0-1"]
[Round "1"]
1.e4 e5
2.Ng1f3 Nb8c6
3.Bf1c4 Bf8c5
4.c3 Ng8f6
5.Nf3g5 d5
6.exd5 Nf6xd5
7.d4 exd4
8.O-O O-O
9.Qd1d3 Nc6e5
10.Qd3g3 Ne5xc4
11.Ng5e4 Bc5e7
12.Rf1d1 Be7h4
13.Qg3d3 Nc4b6
14.cxd4 f5
15.Ne4c5 Nd5b4
16.Qd3b3 Nb4d5
17.g3 Bh4f6
18.Nb1c3 c6
19.Nc3e2 Rf8e8
20.Ne2f4 Kh8
21.a4 Nd5xf4
22.gxf4 Bf6xd4
23.Bc1e3 Nb6d5
24.Be3xd4 b6
25.Nc5d3 c5
26.Bd4e5 Bc8e6
27.Qb3c2 Qd8h4
28.Rd1e1 Qh4g4
29.Kh1 Nd5c3
30.Qc2xc3 Be6d5
{ resign }
0-1

[Event "Match"]
[Site "www.echecsemail.com"]
[Date "2017.01.13"]
[Round "1"]
[White "Coraza8091"]
[Black "Nulladies"]
[WhiteElo "1510"]
[BlackElo "1840"]
[Result "1-0"]
[Round "1"]
1.e4 c5
2.Bf1c4 e6
3.Ng1f3 d5
4.exd5 exd5
5.Bc4b5 Bc8d7
6.Qd1e2 Qd8e7
7.Bb5xd7 Nb8xd7
8.Qe2xe7 Bf8xe7
9.Nb1c3 Ng8f6
10.O-O O-O
11.d4 Ra8c8
12.Rf1e1 Rf8e8
13.Nc3b5 a6
14.Nb5c3 Be7d6
15.Bc1g5 Nf6e4
16.Ra1d1 Ne4xg5
17.Nf3xg5 h6
18.Ng5f3 Nd7f6
19.Nc3a4 b5
20.Na4c3 b4
21.Nc3e2 c4
22.Nf3h4 Re8e4
23.g3 Nf6h5
24.Nh4f5 Bd6f8
25.f3 Re4e6
26.Kf2 g6
27.Nf5e3 Nh5f6
28.Ne2f4 Re6e8
29.c3 Rc8b8
30.Rd1c1 bxc3
31.bxc3 Bf8a3
32.Rc1c2 Rb8b2
33.Rc2xb2 Ba3xb2
34.Nf4e2 a5
35.a4 Re8b8
36.Ne3d1 Bb2a3
37.Ne2f4 Ba3d6
38.Nf4e2 Nf6d7
39.Nd1e3 Nd7b6
40.Re1a1 Kg7
41.h4 h5
42.Ne2g1 f6
43.Ng1h3 Rb8e8
44.Ra1b1 Nb6xa4
45.Ne3xd5 Re8d8
46.Rb1b7 Kh8
47.Nd5xf6 { resign }
1-0

[Event "Match"]
[Site "www.echecsemail.com"]
[Date "2017.01.13"]
[Round "1"]
[White "Joseph1983"]
[Black "Romaamor69"]
[WhiteElo "2200"]
[BlackElo "2380"]
[Result "0-1"]
[Round "1"]
1.e4 e6
2.d4 d5
3.Nb1c3 Bf8b4
4.e5 c5
5.Ng1f3 Nb8c6
6.Bc1e3 Ng8e7
7.Bf1b5 Ne7f5
8.O-O O-O
9.Bb5xc6 bxc6
10.Nc3e2 Nf5xe3
11.fxe3 Qd8b6
12.c3 Bb4a5
13.Qd1d2 Ra8b8
14.Ra1b1 Bc8a6
15.dxc5 Qb6xc5
16.b4 Qc5c4
17.Ne2d4 Ba5b6
18.Rf1d1 c5
19.Nd4c2 Qc4xa2
20.b5 Ba6b7
21.Qd2e2 Qa2a4
22.Rd1c1 Qa4g4
23.h3 Qg4h5
24.Kh2 Bb6c7
25.g4 Qh5g6
26.Kg2 Qg6e4
27.Kg1 f5
28.exf6 Rf8xf6
29.Nf3d2 Qe4e5
30.Nd2b3 d4
31.Nc2e1 Qe5g3
32.Ne1g2 Qg3h2

0-1

[Event "Match"]
[Site "www.echecsemail.com"]
[Date "2017.01.13"]
[Round "1"]
[White "Aiko1603"]
[Black "Billyg"]
[WhiteElo "1659"]
[BlackElo "1680"]
[Result "1-0"]
[Round "1"]
1.c4 e5
2.Nb1c3 Bf8b4
3.g3 Bb4xc3
4.dxc3 h6
5.Bf1g2 Ng8e7
6.b3 c6
7.Ng1f3 d6
8.O-O b5
9.cxb5 cxb5
10.Nf3xe5 dxe5
11.Bg2xa8 Qd8xd1
12.Rf1xd1 Nb8c6
13.Bc1a3 Bc8d7
14.e4 O-O
15.Ba8xc6 Bd7xc6
16.Ba3xe7 Rf8e8
17.Rd1d8 Re8xd8
18.Be7xd8 Bc6xe4
19.Ra1e1 f5
20.Bd8c7 g5
21.Bc7xe5 a5
22.a4 bxa4
23.bxa4 Be4c2
24.Re1a1 Bc2d3
25.Ra1d1 Bd3c2
26.Rd1d4 Kf7
27.Be5c7 Ke6
28.Bc7xa5 Ke5
29.Ba5c7 Ke6
30.a5 { resign }
1-0

[Event "Match"]
[Site "www.echecsemail.com"]
[Date "2017.01.13"]
[Round "1"]
[White "Carazo"]
[Black "Hundegana"]
[WhiteElo "1750"]
[BlackElo "2030"]
[Result "0-1"]
[Round "1"]
1.e4 g6
2.b3 Bf8g7
3.d4 e6
4.Bc1b2 d5
5.e5 Ng8e7
6.Ng1f3 h6
7.g3 a6
8.Bf1g2 O-O
9.Bb2c1 Nb8c6
 { time }
0-1

[Event "Match"]
[Site "www.echecsemail.com"]
[Date "2017.01.13"]
[Round "1"]
[White "Pdebonis"]
[Black "Fangshuo"]
[WhiteElo "1499"]
[BlackElo "2040"]
[Result "1-0"]
[Round "1"]
1.e4 e6
2.Qd1e2 b6
3.d4 Bc8a6
4.c4 Nb8c6
5.Ng1f3 g6
6.d5 Nc6a5
7.Qe2c2 Bf8g7
8.Bf1e2 Ng8e7
9.O-O O-O
10.Rf1d1 exd5
11.cxd5 Ba6b7
12.Nb1c3 Bb7c8
13.Bc1g5 Na5b7
14.Nc3b5 Nb7c5
15.b4 Nc5b7
16.Nb5xc7 d6
17.Nc7xa8 Bc8g4
18.Na8c7 Bg7xa1
19.Rd1xa1 Bg4xf3
20.gxf3 Qd8d7
21.Bg5h6 Rf8c8
22.Qc2b2 { resign }
1-0

[Event "Match"]
[Site "www.echecsemail.com"]
[Date "2017.01.13"]
[Round "1"]
[White "Luke1302"]
[Black "Yoj"]
[WhiteElo "1229"]
[BlackElo "1749"]
[Result "0-1"]
[Round "1"]
1.e4 Ng8f6
2.d3 e5
3.Qd1d2 Bf8c5
4.Ng1h3 d5
5.Bf1e2 dxe4
6.Nb1c3 exd3
7.Nc3a4 dxe2
8.Qd2xe2 Bc5b4
9.c3 Bb4d6
10.Bc1g5 Bc8d7
11.Bg5xf6 gxf6
12.O-O-O Bd7xa4
13.b3 Ba4c6
14.g4 Bc6xh1
15.Rd1xh1 Bd6a3
16.Kb1 Qd8d5
17.g5 fxg5
18.Nh3xg5 Qd5xh1
19.Kc2 Qh1c1
20.Kd3 Nb8c6
21.Qe2h5 O-O-O
22.Ke4 Qc1f4

0-1

[Event "Match"]
[Site "www.echecsemail.com"]
[Date "2017.01.13"]
[Round "1"]
[White "Jwc"]
[Black "Balbyns"]
[WhiteElo "1269"]
[BlackElo "1759"]
[Result "0-1"]
[Round "1"]
1.c4 e5
2.Nb1c3 Ng8f6
3.d3 Bf8c5
4.g3 Nf6g4
5.Bc1e3 Bc5xe3
6.fxe3 Ng4xe3
7.Qd1d2 Ne3xf1
8.Kxf1 d6
9.Ng1f3 Nb8c6
10.a3 Bc8e6
11.Kf2 h6
12.d4 exd4
13.Nc3d5 Be6xd5
14.cxd5 Nc6e5
15.Nf3xe5 dxe5
16.e4 dxe3
17.Qd2xe3 Qd8xd5
18.Rh1d1 Qd5e6
19.b4 Qe6b6
20.Qe3xb6 axb6
21.Rd1e1 f6
22.Re1d1 Ke7
23.a4 Rh8d8
24.Rd1xd8 Ra8xd8
25.a5 bxa5
26.bxa5 Rd8a8
27.Ke3 f5
28.h3 g5
29.g4 f4
{ resign }
0-1

[Event "Eq:Slap Shot Mates-Team USA : "]
[Site "www.chess-mail.com"]
[Date "2017.01.13"]
[Round "1"]
[White "Geodad5"]
[Black "Olddog55"]
[WhiteElo "2140"]
[BlackElo "1820"]
[Result "1-0"]
[Round "1"]
1.e4 e5
2.Ng1f3 d6
3.d4 Ng8f6
4.dxe5 Nf6xe4
5.Bf1d3 Bc8f5
6.O-O dxe5
7.Rf1e1 Bf8c5
8.Bc1e3 Qd8e7
9.Be3xc5 Qe7xc5
10.Bd3xe4 Bf5e6
11.Be4xb7 { resign }
1-0

[Event "Tourn. n9066"]
[Site "www.chess-mail.com"]
[Date "2017.01.14"]
[Round "1"]
[White "Aperturaf"]
[Black "Maciekkam"]
[WhiteElo "2300"]
[BlackElo "2280"]
[Result "1-0"]
[Round "1"]
1.e4 c5
2.Ng1f3 Nb8c6
3.Bf1b5 d6
4.d4 cxd4
5.Qd1xd4 Bc8d7
6.Bb5xc6 Bd7xc6
7.c4 Ng8f6
8.Nb1c3 g6
9.O-O Bf8g7
10.Qd4d3 O-O
11.Nf3d4 Ra8c8
12.Rf1d1 Nf6d7
13.Qd3e2 a6
14.Bc1e3 e6
15.Ra1c1 Qd8e7
16.f3 Bg7e5
17.f4 Be5g7
18.b3 e5
19.Nd4xc6 bxc6
20.f5 Nd7f6
21.g4 h5
22.g5 Nf6g4
23.Be3d2 Qe7a7
24.Kg2 d5
25.cxd5 cxd5
26.Nc3xd5 Rc8xc1
27.Bd2xc1 gxf5
28.h3  { time }
1-0

[Event "Tourn. n9148"]
[Site "www.chess-mail.com"]
[Date "2017.01.14"]
[Round "1"]
[White "Nulladies"]
[Black "Genius3"]
[WhiteElo "1790"]
[BlackElo "1850"]
[Result "1/2-1/2"]
[Round "1"]
1.d4 Ng8f6
2.Bc1f4 d6
3.Ng1f3 g6
4.e3 Bf8g7
5.Bf1e2 O-O
6.c4 c6
7.Nb1c3 Qd8b6
8.Qd1c2 Bc8f5
9.e4 Bf5g4
10.h3 Bg4xf3
11.Be2xf3 Qb6xd4
12.Nc3e2 Qd4b6
13.Bf4e3 Qb6c7
14.O-O Nb8d7
15.Be3d4 Nd7e5
16.Bd4xe5 dxe5
17.Ra1d1 Rf8d8
18.g3 Rd8xd1
19.Rf1xd1 Ra8d8
{ draw }
1/2-1/2

[Event "Tourn. n9076"]
[Site "www.chess-mail.com"]
[Date "2017.01.14"]
[Round "1"]
[White "Genius3"]
[Black "Bojan"]
[WhiteElo "1830"]
[BlackElo "2000"]
[Result "0-1"]
[Round "1"]
1.Ng1f3 d5
2.g3 Qd8d6
3.Bf1g2 e5
4.d4 e4
5.Nf3d2 h5
6.e3 f5
7.c4 h4
8.cxd5 Qd6xd5
9.Qd1b3 Qd5xb3
10.Nd2xb3 b6
11.Nb1c3 c6
12.Bc1d2 Bc8e6
13.g4 g5
14.gxf5 Be6xf5
15.Bg2xe4 Bf5e6
16.Be4f3 Ng8f6
17.Nc3e4 Nf6xe4
18.Bf3xe4 Kd7
19.Ra1c1 Bf8e7
20.Be4c2 Nb8a6
21.Bd2c3 Rh8f8
22.Bc2d3 Na6b4
23.Bc3xb4 Be7xb4
24.Ke2 Rf8f6
25.Bd3e4 Ra8c8
26.Be4c2 Rc8f8
27.Rh1f1 Be6g4
28.Kd3 Rf6xf2
29.Rf1xf2 Rf8xf2
30.Rc1g1 Bg4e2
31.Ke4 Be2f3
32.Kd3 g4
33.a3 Bb4d6
34.Nb3d2 Rf2xh2
35.e4 Bf3g2
36.e5 Bd6e7
37.Nd2c4 h3
38.Nc4e3 g3
39.Ne3xg2 Rh2xg2
{ resign }
0-1

[Event "Tourn. n9082"]
[Site "www.chess-mail.com"]
[Date "2017.01.14"]
[Round "1"]
[White "Passaroa25"]
[Black "Madz123456"]
[WhiteElo "1590"]
[BlackElo "1450"]
[Result "1-0"]
[Round "1"]
1.e4 c5
2.c3 e6
3.Ng1e2 Ng8f6
4.Ne2g3 h5
5.d3 h4
6.Ng3e2 d5
7.f3 Nb8c6
8.Ne2f4 d4
9.Nb1d2 e5
10.Nf4d5 Nf6xd5
11.exd5 Qd8xd5
12.Bf1e2 Bf8e7
13.O-O f5
14.Nd2b3 h3
15.g3 O-O
16.Bc1d2  { time }
1-0

[Event "Tourn. n9190"]
[Site "www.chess-mail.com"]
[Date "2017.01.14"]
[Round "1"]
[White "Norlavuaram"]
[Black "B0zata"]
[WhiteElo "2100"]
[BlackElo "2120"]
[Result "1/2-1/2"]
[Round "1"]
1.e4 e5
2.Ng1f3 Ng8f6
3.Nf3xe5 d6
4.Ne5f3 Nf6xe4
5.d4 Bf8e7
6.Bf1d3 f5
7.O-O O-O
8.c4 d5
9.cxd5 Qd8xd5
10.Nb1c3 Ne4xc3
11.bxc3 c5
12.c4 Qd5d8
13.d5 Nb8d7
14.Bc1b2 Nd7f6
15.Qd1c2 b6
16.Rf1e1 Rf8f7
17.Nf3g5 Rf7f8
18.Ng5e6 Bc8xe6
19.Re1xe6 Nf6e4
20.Bd3xe4 fxe4
21.Qc2xe4 Be7f6
22.Bb2xf6 Rf8xf6
23.Ra1e1 Qd8f8
24.f3 Rf6xe6
25.Qe4xe6 Qf8f7
26.f4 Kf8
27.Qe6d6 Kg8
28.h3 Ra8f8
29.g3 g5
30.Re1e4 gxf4
31.Re4xf4 Qf7e8
32.Rf4xf8 Qe8xf8
33.Qd6xf8 Kxf8
34.Kf2 { draw }
1/2-1/2

[Event "Tourn. n9074"]
[Site "www.chess-mail.com"]
[Date "2017.01.14"]
[Round "1"]
[White "Andychesston"]
[Black "Bojan"]
[WhiteElo "1990"]
[BlackElo "2010"]
[Result "0-1"]
[Round "1"]
1.e4 e5
2.Ng1f3 d6
3.d4 exd4
4.Nf3xd4 Bc8d7
5.Nb1c3 Nb8c6
6.Bf1c4 Qd8f6
7.Nc3b5 Qf6d8
8.Qd1f3 Nc6e5
9.Qf3b3 a6
10.Nb5c3 Ne5xc4
11.Qb3xc4 Bf8e7
12.Bc1e3 c5
13.Nd4b3 b5
14.Qc4d3 Bd7c6
15.Nb3d2 Be7f6
16.O-O Ng8e7
17.f4 Ne7g6
18.Ra1d1 Qd8c7
19.Nd2f3 Ra8d8
20.Nc3d5 Bc6xd5
21.exd5 Bf6xb2
22.c3 h6
23.Rf1e1 O-O
24.Rd1d2 Bb2a3
25.Rd2e2 Rf8e8
26.c4 Ba3b4
27.Re1b1 Qc7d7
28.a3 Bb4a5
29.cxb5 axb5
30.Rb1xb5 Ba5c7
31.Rb5b7 Rd8b8
32.Re2b2 Qd7a4
33.f5 Ng6f8
34.f6 Nf8g6
35.fxg7 Qa4g4
36.h3 Qg4h5
37.Kh2 Ng6e5
38.Qd3e2 Rb8xb7
39.Rb2xb7 Bc7a5
40.Be3f4 Ne5g4
{ resign }
0-1

[Event "Tourn. n9168"]
[Site "www.chess-mail.com"]
[Date "2017.01.14"]
[Round "1"]
[White "Genius9"]
[Black "Autmich"]
[WhiteElo "1610"]
[BlackElo "1690"]
[Result "1-0"]
[Round "1"]
1.e4 c5
2.Nb1c3 Nb8c6
3.g3 d6
4.Bf1g2 e5
5.Ng1e2 Ng8f6
6.O-O Bf8e7
7.d3 O-O
8.h3 Bc8e6
9.f4 Qd8b6
10.f5 Be6d7
11.g4 { resign }
1-0

[Event "Tourn. n9151"]
[Site "www.chess-mail.com"]
[Date "2017.01.14"]
[Round "1"]
[White "Bojan"]
[Black "Liencam2"]
[WhiteElo "2010"]
[BlackElo "2300"]
[Result "0-1"]
[Round "1"]
1.e4 c5
2.Bf1c4 e6
3.f4 d5
4.exd5 exd5
5.Qd1e2 Bf8e7
6.Bc4b5 Nb8c6
7.c3 Ng8f6
8.h3 Qd8c7
9.g3 Nf6e4
10.Qe2f3 O-O
11.d3 Ne4d6
12.Bb5a4 b5
13.Ba4c2 Bc8b7
14.Rh1h2 Ra8e8
15.Kf1 d4
16.Qf3h5 Nd6c8
17.Bc1d2 Nc8b6
18.b3 f5
19.Bd2c1 Nb6d5
20.c4 bxc4
21.dxc4 Nd5f6
22.Qh5d1 Nf6e4
23.Qd1d3 Nc6b4
24.Qd3e2 Ne4xg3
25.Kf2 Ng3xe2
26.Ng1xe2 Nb4xc2
{ resign }
0-1

[Event "Tourn. n9163"]
[Site "www.chess-mail.com"]
[Date "2017.01.14"]
[Round "1"]
[White "Genius9"]
[Black "Autmich"]
[WhiteElo "1610"]
[BlackElo "1680"]
[Result "1-0"]
[Round "1"]
1.e4 e5
2.Bf1c4 Ng8f6
3.d3 Bf8e7
4.Ng1f3 d6
5.Nb1c3 Nb8c6
6.O-O O-O
7.Rf1e1 Bc8g4
8.Bc1e3 Nc6a5
9.Bc4b3 Na5xb3
10.axb3 a6
11.h3 Bg4h5
12.Qd1e2 { resign }
1-0

[Event "Tourn. n9160"]
[Site "www.chess-mail.com"]
[Date "2017.01.14"]
[Round "1"]
[White "Cristiano"]
[Black "Norlavuaram"]
[WhiteElo "2220"]
[BlackElo "2130"]
[Result "1-0"]
[Round "1"]
1.e4 e5
2.Ng1f3 Nb8c6
3.Bf1b5 a6
4.Bb5a4 Ng8f6
5.O-O Bf8e7
6.Rf1e1 b5
7.Ba4b3 O-O
8.d4 d6
9.c3 h6
10.h3 Bc8b7
11.Nb1d2 Rf8e8
12.a4 b4
13.d5 bxc3
14.Nd2c4 cxb2
15.Bc1xb2 Nc6b8
16.Nc4a5 Bb7c8
17.Ra1b1 Nf6d7
18.Bb2a3 Nd7f6
19.Qd1d2 Be7f8
20.Bb3d1 Nf6d7
21.Bd1c2 Nd7b6
22.Qd2c3 Bf8e7
23.Rb1b4 Re8f8
24.Ba3c1 f5
25.Re1d1 f4
26.Bc1d2 g5
27.Rd1b1 h5
28.Bc2d1 g4
29.hxg4 hxg4
30.Nf3h2 Be7h4
31.g3 Bh4g5
32.Bd1xg4 Bc8xg4
33.Nh2xg4 Qd8d7
34.f3 Qd7h7
35.Kg2 Nb8d7
36.Qc3xc7 Ra8c8
37.Qc7xd6 Rc8c2
38.Rb4b2 Rf8c8
39.Ng4xe5 fxg3
40.Qd6e6 Kh8
41.Rb1h1 { resign }
1-0

[Event "Tourn. n9186"]
[Site "www.chess-mail.com"]
[Date "2017.01.14"]
[Round "1"]
[White "Bojan"]
[Black "Norlavuaram"]
[WhiteElo "2000"]
[BlackElo "2070"]
[Result "1-0"]
[Round "1"]
1.e4 e5
2.Ng1f3 Nb8c6
3.d4 exd4
4.Nf3xd4 Bf8c5
5.Nd4xc6 bxc6
6.Qd1f3 Qd8f6
7.Qf3xf6 Ng8xf6
8.f3 O-O
9.c3 d5
10.e5 Nf6d7
11.f4 f6
12.e6 Nd7b6
13.f5 Bc5e7
14.b3 c5
15.Bc1f4 c6
16.Nb1d2 Bc8b7
17.Bf1e2 d4
18.c4 Nb6c8
19.Nd2e4 a5
20.a4 Rf8d8
21.Bf4c7 Rd8f8
22.Kd2 g6
23.g4 Rf8e8
24.h4 Kf8
25.Ra1f1 Kg7
26.Rh1g1 Re8h8
27.g5 Rh8f8
28.h5 Ra8a7
29.gxf6 Be7xf6
30.Ne4xf6 Kxf6
31.fxg6 Ke7
32.Rf1xf8 Kxf8
33.gxh7 { resign }
1-0

[Event "Tourn. n9027"]
[Site "www.chess-mail.com"]
[Date "2017.01.14"]
[Round "1"]
[White "Ff333"]
[Black "Panham"]
[WhiteElo "2070"]
[BlackElo "2190"]
[Result "0-1"]
[Round "1"]
1.e4 e5
2.Ng1f3 Nb8c6
3.Bf1c4 Ng8f6
4.Nf3g5 d5
5.exd5 Nc6a5
6.d3 Na5xc4
7.dxc4 h6
8.Ng5f3 e4
9.Nf3d4 Bf8b4
10.c3 Bb4d6
11.h3 O-O
12.O-O Bc8d7
13.Bc1e3 c6
14.dxc6 bxc6
15.Nd4b3 Bd7e6
16.c5 Bd6e7
17.Qd1xd8 Rf8xd8
18.Nb1d2 Nf6d5
19.Be3d4 f5
20.Nd2c4 Nd5f4
21.Nb3a5 Nf4e2
22.Kh1 Ne2xd4
23.cxd4 Rd8xd4
24.Nc4e5 Rd4d2
25.Na5xc6 Be7xc5
26.b4 Bc5b6
27.Nc6e7 Kf8
28.Ne7g6 Ke8
29.a4 Bb6xf2
30.Ne5c6 e3
31.Ng6f4 Be6c4
32.Rf1c1 e2
33.Kh2 Bc4b3
34.Nf4xe2 Rd2xe2
35.b5 f4
36.Kh1 Bb3d5
37.Nc6b4 Bd5b7
38.Rc1c2 Re2xc2
39.Nb4xc2 a6
40.Ra1f1 Bf2g3
41.Nc2d4 axb5
42.axb5 Ra8a2
43.Nd4f3 Ra2b2
44.Kg1 Rb2xb5
45.Nf3d2 Rb5b2
46.Rf1d1 Bb7c6
47.Nd2f3 Bc6a4
48.Rd1c1 Ba4c6
49.Kf1 Bc6xf3
50.gxf3 Rb2f2
51.Kg1 Rf2xf3
52.Rc1c8 Kf7
53.Rc8c7 Kg6
54.Rc7c6 Kh5
55.Rc6c2 Kh4
56.Kg2 Rf3f2
{ resign }
0-1

[Event "Tourn. n9032"]
[Site "www.chess-mail.com"]
[Date "2017.01.14"]
[Round "1"]
[White "Conde7"]
[Black "Szustan"]
[WhiteElo "2890"]
[BlackElo "2650"]
[Result "1-0"]
[Round "1"]
1.e4 e5
2.Ng1f3 Nb8c6
3.Bf1b5 a6
4.Bb5a4 Ng8f6
5.d3 d6
6.c3 Bf8e7
7.O-O O-O
8.Rf1e1 b5
9.Ba4c2 d5
10.Nb1d2 dxe4
11.dxe4 Bc8e6
12.Qd1e2 Qd8c8
13.a4 Nf6h5
14.g3 b4
15.Nd2c4 Be6g4
16.Nc4e3 Nh5f6
17.Ne3xg4 Qc8xg4
18.a5 bxc3
19.bxc3 Be7d6
20.Bc1g5 Nf6d7
21.Bg5e3 h6
22.Kg2 Nd7f6
23.h3 Qg4e6
24.Bc2d3 Qe6c8
25.Nf3h2 Nc6d8
26.Nh2g4 Nf6xg4
27.hxg4 Nd8e6
28.g5 g6
29.gxh6 Kh7
30.Bd3c4 Ne6c5
31.Bc4d5 c6
32.Bd5c4 Nc5xe4
33.Qe2d3 Qc8g4
34.Ra1a4 { resign }
1-0

[Event "Tourn. n9039"]
[Site "www.chess-mail.com"]
[Date "2017.01.14"]
[Round "1"]
[White "Ejner"]
[Black "Senitram"]
[WhiteElo "2440"]
[BlackElo "2690"]
[Result "1/2-1/2"]
[Round "1"]
1.d4 Ng8f6
2.c4 e6
3.Nb1c3 Nb8c6
4.Ng1f3 Bf8b4
5.Qd1c2 Bb4xc3
6.Qc2xc3 Nf6e4
7.Qc3c2 d5
8.e3 O-O
9.a3 Ne4d6
10.b3 a5
11.Bc1b2 a4
12.b4 dxc4
13.Bf1xc4 Nd6xc4
14.Qc2xc4 Nc6e7
15.Ra1c1 c6
16.O-O b6
17.Rf1e1 Bc8a6
18.Qc4c2 Ba6b5
19.Nf3g5 Ne7f5
20.Ng5e4 Nf5d6
21.Ne4xd6 Qd8xd6
22.Qc2c3 f6
23.e4 Qd6d7
24.Qc3e3 Ra8d8
25.f3 Qd7f7
26.d5 cxd5
27.Qe3xb6 Rd8b8
28.Qb6c7 Qf7xc7
29.Rc1xc7 dxe4
{ draw }
1/2-1/2

[Event "Tourn. n9136"]
[Site "www.chess-mail.com"]
[Date "2017.01.14"]
[Round "1"]
[White "Bojan"]
[Black "Osopanda"]
[WhiteElo "2010"]
[BlackElo "2020"]
[Result "0-1"]
[Round "1"]
1.e4 g6
2.d4 Bf8g7
3.c3 a6
4.Bc1e3 d6
5.h3 Nb8d7
6.Ng1f3 e5
7.dxe5 Nd7xe5
8.Nb1a3 Bc8e6
9.Nf3d4 Ng8e7
10.f4 Ne5c6
11.Nd4xe6 fxe6
12.Bf1c4 d5
13.exd5 exd5
14.Bc4e2 O-O
15.Qd1b3 Kh8
16.O-O-O b5
17.g3 Ne7f5
18.Rd1xd5 Qd8e8
19.Rd5xf5 Qe8xe3
20.Kd1 Ra8d8
21.Ke1 Rf8xf5
22.Rh1f1 Qe3xg3
23.Rf1f2 Rf5xf4
{ resign }
0-1

[Event "Tourn. n9124"]
[Site "www.chess-mail.com"]
[Date "2017.01.14"]
[Round "1"]
[White "Genius3"]
[Black "Autmich"]
[WhiteElo "1860"]
[BlackElo "1649"]
[Result "1-0"]
[Round "1"]
1.e4 c5
2.Nb1c3 d6
3.Ng1f3 Nb8c6
4.d4 cxd4
5.Nf3xd4 Ng8f6
6.Bf1b5 Bc8d7
7.Bb5xc6 bxc6
8.O-O g6
9.h3 Bf8g7
10.Bc1e3 O-O
11.Qd1d2 e5
12.Nd4f3 Qd8c7
13.Be3h6 Rf8d8
14.Bh6xg7 Kxg7
15.Ra1d1 Bd7e6
16.b3 Qc7a5
17.a4 Ra8c8
18.Nc3e2 Qa5xd2
19.Nf3xd2 a5
20.f4 d5
21.fxe5 Nf6xe4
22.Nd2xe4 dxe4
23.Ne2d4 { resign }
1-0

[Event "Tourn. n9124"]
[Site "www.chess-mail.com"]
[Date "2017.01.14"]
[Round "1"]
[White "Caspito"]
[Black "Madz123456"]
[WhiteElo "1870"]
[BlackElo "1620"]
[Result "1-0"]
[Round "1"]
1.e4 c5
2.b3 Ng8f6
3.d3 Nb8c6
4.Bc1b2 d6
5.g3 g6
6.Bf1g2 Bf8g7
7.Ng1f3 O-O
8.O-O Rf8e8
9.Nb1d2 Nf6xe4
10.Bb2xg7 Ne4xd2
11.Qd1xd2 Kxg7
12.Qd2c3 e5
13.a3 Bc8g4
14.Qc3d2 a5
15.c3 f6
16.h3  { time }
1-0

[Event "Tourn. n9070"]
[Site "www.chess-mail.com"]
[Date "2017.01.14"]
[Round "1"]
[White "Manuelito"]
[Black "Roque1"]
[WhiteElo "1730"]
[BlackElo "1800"]
[Result "1-0"]
[Round "1"]
1.d4 d5
2.e3 Ng8f6
3.Ng1f3 Bc8g4
4.Bf1e2 Nb8c6
5.h3 Bg4h5
6.O-O e6
7.c4 Bf8e7
8.Nb1c3 O-O
9.cxd5 exd5
10.Nf3e5 Bh5xe2
11.Qd1xe2 Qd8d6
12.Ne5xc6 Qd6xc6
13.a3 a6
14.Qe2d3 Nf6e4
15.Nc3xe4 dxe4
16.Qd3e2 Be7d6
17.b4 b5
18.Bc1b2 Qc6d5
19.Ra1c1 Qd5b3
20.Rc1c3 Qb3d5
21.Rf1c1 f5
22.f4 exf3
23.Qe2xf3 Qd5xf3
24.gxf3 f4
25.e4 Rf8f6
26.Kf2 Rf6h6
27.e5 Bd6e7
28.Rc3xc7 Be7h4
29.Ke2 Ra8d8
30.Rc7a7 Rh6g6
31.Kd3 Bh4f2
32.a4 Rg6g3
33.Rc1c7 Bf2e3
34.e6 Rg3xf3
35.Rc7xg7 Kf8
36.e7 Ke8
37.exd8Q Kxd8
38.Rg7g8 
1-0

[Event "Tourn. n9081"]
[Site "www.chess-mail.com"]
[Date "2017.01.14"]
[Round "1"]
[White "Genius3"]
[Black "Bojan"]
[WhiteElo "1840"]
[BlackElo "2040"]
[Result "0-1"]
[Round "1"]
1.Ng1f3 g6
2.d4 d6
3.e4 Bf8g7
4.h3 c6
5.Nb1c3 Nb8d7
6.Bf1e2 Qd8b6
7.O-O e5
8.dxe5 dxe5
9.b3 Qb6c5
10.Bc1b2 f6
11.Be2c4 Nd7b6
12.Bc4xg8 Rh8xg8
13.Qd1e2 Kf7
14.Ra1d1 Bc8e6
15.a3 Rg8d8
16.Rd1xd8 Ra8xd8
17.Rf1d1 Qc5e7
18.Rd1xd8 Qe7xd8
19.a4 Bg7f8
20.Qe2e1 Nb6d7
21.Qe1d1 Qd8b6
22.Qd1e2 Qb6c7
23.Qe2d2 Bf8b4
24.Qd2d3 Nd7c5
25.Qd3e2 a6
26.Nc3a2 Bb4a5
27.Bb2c3 Ba5b6
28.Bc3b4 Nc5xa4
29.bxa4 Be6xa2
30.Bb4c3 Qc7d6
31.g3 Ba2e6
32.Kg2 Qd6a3
33.Qe2d3 Bb6c7
34.Qd3d2 Qa3xa4
35.Bc3b2 Qa4xe4
{ resign }
0-1

[Event "Match"]
[Site "www.echecsemail.com"]
[Date "2017.01.14"]
[Round "1"]
[White "Raulazo"]
[Black "Paco"]
[WhiteElo "1910"]
[BlackElo "1920"]
[Result "0-1"]
[Round "1"]
1.Ng1f3 d5
2.d4 Nb8c6
3.Nb1c3 Bc8f5
4.a3 e6
5.g3 Qd8f6
6.Bc1g5 Qf6g6
7.Ra1c1 f6
8.Bg5f4 Ng8h6
9.Bf4xc7 b6
10.Bc7f4 Nh6g4
11.h3 e5
12.dxe5 Ng4xe5
13.Nf3h4 Qg6f7
14.Nh4xf5 d4
15.Nf5xd4 Ra8d8
16.e3 g5
17.Bf4xe5 fxe5
18.Qd1f3 Nc6xd4
19.Qf3xf7 Kxf7
20.exd4 exd4
21.Bf1c4 Kg7
22.Nc3e4 Rd8e8
23.f3 Bf8d6
24.Kf2 Bd6e7
25.Rc1e1 Rh8f8
26.Bc4b5 Re8c8
27.Ne4d2 Be7c5
28.Bb5d3 h5
29.Nd2e4 Bc5e7
30.g4 h4
31.Ne4d2 Be7d6
32.Nd2e4 Bd6f4
33.b4 Rf8f7
34.Re1e2 Rc8f8
35.Ke1 Bf4g3
36.Kd1 Kh6
37.Ne4d2 Bg3f4
38.Nd2e4 Bf4e3
39.Ne4d6 Rf7xf3
40.Nd6f5 Rf8xf5
41.Bd3xf5 Be3f4
42.Re2e6 Kg7
43.Rh1e1 Rf3xh3
44.Re6g6 Kf7
45.Re1e7 Kxe7
46.Rg6e6 Kf7
47.Re6c6 Rh3xa3
48.Bf5e6 Kf6
49.Be6f5 Ke5
50.Rc6e6 Kd5
51.Re6e8 h3
52.Bf5e4 Kc4
53.Re8c8 Kxb4
54.Rc8h8 h2
55.Ke2 Ra3e3
56.Kf2 Re3xe4
57.Rh8h3 a5
58.Rh3b3 Kc5
59.Rb3b1 b5
60.Rb1a1 a4
61.Kf3 Re4e3
62.Kf2 Re3c3
63.Kg2 Rc3xc2
64.Kh1 d3
65.Ra1f1 Rc2c1
{ resign }
0-1